[Event "28.Alpenpokal"]
[Site "?"]
[Date "2002.??.??"]
[Round "9"]
[White "Schuler, Georg"]
[Black "Winter, Rudolf"]
[Result "1/2-1/2"]
[WhiteElo "2148"]
[BlackElo "1640"]
[Annotator "ChessOrg"]
[PlyCount "102"]

1. c4 Nf6 2. Nc3 e6 3. e4 d5 4. e5 d4 5. exf6 dxc3 6. bxc3 Qxf6 7. d4 c5 8. Nf3
Bd6 9. h3 h6 10. Be3 Nd7 11. Be2 b6 12. Qa4 Qe7 13. O-O Bb7 14. Rab1 O-O 15.
Rfd1 Rfd8 16. d5 Ne5 17. Qb3 Rab8 18. Qa4 Ba8 19. Nh2 Qc7 20. Nf1 Ng6 21. Qc2
Bf4 22. dxe6 Nh4 23. exf7+ Qxf7 24. Rxd8+ Rxd8 25. Bxf4 Qxf4 26. Ne3 Qg5 27.
Rd1 Rxd1+ 28. Bxd1 Nxg2 29. Qf5 Qxf5 30. Nxf5 Nf4 31. Kh2 Bb7 32. Nd6 Ba6 33.
Bg4 Nd3 34. Bc8 Bxc8 35. Nxc8 Nxf2 36. Nxa7 Ne4 37. Nc8 Nxc3 38. Nxb6 Nxa2 39.
Nd7 Nb4 40. Nxc5 Nc6 41. Nd3 Kf8 42. Kg3 Ke7 43. Kf4 Kf6 44. Ke4 g5 45. Nf2 h5
46. c5 Ne5 47. Kd5 Ng6 48. Ke4 Ne5 49. Nd1 g4 50. hxg4 hxg4 51. Kf4 Nd3+
1/2-1/2

[Event "28.Alpenpokal"]
[Site "?"]
[Date "2002.??.??"]
[Round "9"]
[White "Buesdorf, Konrad"]
[Black "Schulz, Hermann"]
[Result "1/2-1/2"]
[WhiteElo "1796"]
[BlackElo "1667"]
[Annotator "ChessOrg"]
[PlyCount "107"]

1. b4 e5 2. Bb2 Bxb4 3. Bxe5 Nf6 4. e3 Nc6 5. Bb2 d5 6. Nf3 O-O 7. Be2 Bg4 8.
O-O Re8 9. c4 dxc4 10. Bxc4 Bd6 11. d4 Qe7 12. Be2 h6 13. Nbd2 a6 14. Rc1 Ba3
15. Qb3 Bxb2 16. Qxb2 Rab8 17. Rc5 Nd7 18. Rc3 Nb6 19. Qc1 Nd5 20. Rb3 Nb6 21.
Bxa6 Nb4 22. Be2 Be6 23. Ra3 Nxa2 24. Qb2 Ra8 25. Rxa8 Rxa8 26. Rb1 Qa3 27. e4
Nc3 28. Qxa3 Nxe2+ 29. Kf1 Rxa3 30. Kxe2 Ra2 31. d5 Bg4 32. Rc1 Na8 33. Ke3
Bxf3 34. Nxf3 Kf8 35. Nd4 Ke7 36. Nf5+ Kf6 37. g4 Ra6 38. f4 Ra3+ 39. Kd4 Ra4+
40. Kd3 Ra3+ 41. Rc3 Rxc3+ 42. Kxc3 g5 43. e5+ Kg6 44. Ne7+ Kg7 45. f5 Nb6 46.
Kb4 Nd7 47. e6 Nf6 48. h3 Kf8 49. d6 cxd6 50. Nc8 fxe6 51. fxe6 Nd5+ 52. Kc4
Nf4 53. Nxd6 Nxe6 54. Nxb7 1/2-1/2

[Event "28.Alpenpokal"]
[Site "?"]
[Date "2002.??.??"]
[Round "9"]
[White "Tauscher, Max"]
[Black "Sakowski, Christian"]
[Result "1/2-1/2"]
[WhiteElo "1675"]
[BlackElo "1718"]
[Annotator "ChessOrg"]
[PlyCount "95"]

1. e4 c6 2. d4 d5 3. Nc3 dxe4 4. Nxe4 Nd7 5. Ng3 Ngf6 6. Nf3 e6 7. Be2 Bd6 8.
Bg5 Qc7 9. Qd3 b6 10. Ne4 Nxe4 11. Qxe4 Bb7 12. Qd3 O-O 13. O-O-O Bf4+ 14. Kb1
Bxg5 15. Nxg5 Nf6 16. f3 c5 17. dxc5 Qxc5 18. h4 Qe7 19. Qb3 Rfd8 20. Bd3 h6
21. Ne4 Nxe4 22. fxe4 Rd4 23. Rde1 Rad8 24. Qc3 e5 25. g4 Qd7 26. b3 Rc8 27.
Qb2 g6 28. Rhg1 b5 29. g5 h5 30. Rgf1 a6 31. Rf6 Rc6 32. Rxc6 Bxc6 33. Qc3 Qd6
34. a3 Bd7 35. Kb2 Be6 36. Re3 Kg7 37. Rf3 Qb6 38. Rf1 a5 39. Re1 f6 40. gxf6+
Kxf6 41. Qd2 Kg7 42. Qg5 Rxd3 43. Qxe5+ Kg8 44. Kb1 Rd8 45. Qf6 Kh7 46. Qe7+
Kg8 47. Qf6 Kh7 48. Qe7+ 1/2-1/2

[Event "28.Alpenpokal"]
[Site "?"]
[Date "2002.??.??"]
[Round "9"]
[White "Fehres, Werner"]
[Black "Aufmwasser, Guenter"]
[Result "1-0"]
[WhiteElo "2104"]
[BlackElo "1616"]
[Annotator "ChessOrg"]
[PlyCount "45"]

1. e4 e5 2. Nf3 f5 3. d3 d6 4. Nc3 Nf6 5. Be2 f4 6. d4 Nfd7 7. dxe5 dxe5 8. Bc4
Qf6 9. Nd5 Qd6 10. Bd2 Be7 11. Qe2 c6 12. Bb4 Nc5 13. Bxc5 Qxc5 14. Nc7+ Kd8
15. Nxa8 Bg4 16. O-O-O+ Kc8 17. h3 Bd7 18. Rd2 b5 19. Bb3 a5 20. Nb6+ Qxb6 21.
Nxe5 Be8 22. Qg4+ Kb7 23. Qxg7 1-0

[Event "28.Alpenpokal"]
[Site "?"]
[Date "2002.??.??"]
[Round "9"]
[White "Panneke, Kurt"]
[Black "Thonig, Manfred"]
[Result "1-0"]
[WhiteElo "1764"]
[BlackElo "1551"]
[Annotator "ChessOrg"]
[PlyCount "125"]

1. d4 f5 2. Nf3 b6 3. Nbd2 Bb7 4. b3 e6 5. e3 Nf6 6. Bb2 d5 7. c4 Bb4 8. a3
Bxd2+ 9. Nxd2 Nbd7 10. Rc1 O-O 11. Qc2 Ne4 12. c5 bxc5 13. Nxe4 fxe4 14. dxc5
c6 15. Qc3 e5 16. Be2 Qg5 17. g3 Rf6 18. Qd2 Qh6 19. h4 Raf8 20. Rh2 Bc8 21.
Bg4 Nxc5 22. Rxc5 Bxg4 23. Bxe5 Re6 24. Bd4 Re7 25. Ra5 Rb7 26. b4 Ra8 27. Bc5
a6 28. a4 Qf6 29. Bd4 Qd8 30. Rc5 Rab8 31. Be5 Rc8 32. Bc3 Qb6 33. Qd4 h5 34.
Rh1 Rf8 35. Rh2 Qa7 36. Rxc6 Qxd4 37. exd4 Rf3 38. Kd2 Rd3+ 39. Kc2 Bd1+ 40.
Kb2 Bxa4 41. Rxa6 Bb5 42. Ra5 Bc6 43. Rg2 Rf7 44. Rc5 Bb7 45. b5 Rdf3 46. Ba5
Rxf2+ 47. Rxf2 Rxf2+ 48. Kc1 Ra2 49. Bd2 Ra1+ 50. Kc2 Ra8 51. Kd1 Rf8 52. Bf4
Kh7 53. Rc7 Bc8 54. b6 Bg4+ 55. Kd2 Ra8 56. Ra7 Rc8 57. b7 Rc4 58. Be5 e3+ 59.
Kxe3 Rc3+ 60. Kd2 Rf3 61. b8=Q Rf2+ 62. Kc3 Rf3+ 63. Kb4 1-0

[Event "28.Alpenpokal"]
[Site "?"]
[Date "2002.??.??"]
[Round "9"]
[White "Herzog, Manfred"]
[Black "Schenfeld, Waldemar"]
[Result "1/2-1/2"]
[WhiteElo "1740"]
[BlackElo "1429"]
[Annotator "ChessOrg"]
[PlyCount "101"]

1. d4 d5 2. c4 Nf6 3. cxd5 Nxd5 4. Nf3 Bf5 5. Qb3 Nb6 6. Nc3 e6 7. e4 Bg4 8.
Ne5 Bh5 9. Qb5+ c6 10. Qb3 Qxd4 11. Bf4 Bb4 12. f3 Bc5 13. Nd3 N8d7 14. Bg3
Qe3+ 15. Be2 Qg5 16. Nxc5 Nxc5 17. Qb4 Ncd7 18. Rd1 Qc5 19. Qb3 e5 20. Bf2 Qe7
21. O-O O-O 22. Rd2 Rfd8 23. Rfd1 Qg5 24. a4 Nf8 25. Rxd8 Rxd8 26. Rxd8 Qxd8
27. a5 Nbd7 28. Qxb7 Qxa5 29. Bxa7 Qa1+ 30. Kf2 Bg6 31. Be3 h5 32. Bg5 f6 33.
Bd2 Bf7 34. b4 Qb2 35. Be1 Bc4 36. Qxc6 Bxe2 37. Nxe2 Kf7 38. Qc1 Qb3 39. Qc3
Qe6 40. Nc1 g5 41. Qb3 Ke7 42. Qxe6+ Nxe6 43. Nb3 Kd6 44. h3 Kc6 45. g3 Kb5 46.
Ke3 Nb6 47. Na5 Nd4 48. Bc3 Nc2+ 49. Kd3 Nxb4+ 50. Bxb4 Kxb4 51. Nc6+ 1/2-1/2

[Event "28.Alpenpokal"]
[Site "?"]
[Date "2002.??.??"]
[Round "9"]
[White "Marek, Herbert"]
[Black "Schweiger, Thomas"]
[Result "1-0"]
[WhiteElo "1727"]
[BlackElo "1300"]
[Annotator "ChessOrg"]
[PlyCount "53"]

1. d4 Nf6 2. Bg5 d5 3. e3 Nbd7 4. Bd3 h6 5. Bh4 g6 6. f4 Bg7 7. Nf3 b6 8. O-O
Bb7 9. Nbd2 O-O 10. Ne5 Nxe5 11. fxe5 Ne4 12. Nxe4 dxe4 13. Bc4 Qd7 14. c3 e6
15. Bf6 Bd5 16. Be2 b5 17. Bxg7 Kxg7 18. Rf6 a6 19. h4 Kh7 20. Qf1 Rae8 21. Qf4
Re7 22. a3 Rg8 23. Rf1 Rg7 24. g4 g5 25. hxg5 hxg5 26. Qh2+ Kg8 27. Rh6 1-0

[Event "28.Alpenpokal"]
[Site "?"]
[Date "2002.??.??"]
[Round "9"]
[White "Otto, Matthias"]
[Black "Kaiser, Hans"]
[Result "1/2-1/2"]
[WhiteElo "1660"]
[BlackElo "1679"]
[Annotator "ChessOrg"]
[PlyCount "40"]

1. e4 c5 2. Nf3 e6 3. d3 g6 4. g3 Bg7 5. Bg2 Ne7 6. O-O O-O 7. Nbd2 a6 8. a4 d6
9. Re1 Nbc6 10. c3 Bd7 11. Nc4 Qc7 12. Be3 Na5 13. Nxa5 Qxa5 14. Qd2 e5 15. Bh6
f6 16. Bxg7 Kxg7 17. b4 Qc7 18. Rec1 Be6 19. d4 cxd4 20. cxd4 Qb6 1/2-1/2

[Event "28.Alpenpokal"]
[Site "?"]
[Date "2002.??.??"]
[Round "9"]
[White "Meyer, Thomas"]
[Black "Struwecker, Sigurd"]
[Result "0-1"]
[WhiteElo "1649"]
[BlackElo "1750"]
[Annotator "ChessOrg"]
[PlyCount "80"]

1. d4 d5 2. c4 e6 3. Nc3 Nf6 4. Bg5 Nbd7 5. e3 Be7 6. Nf3 O-O 7. Bd3 dxc4 8.
Bxc4 Nb6 9. Bd3 h6 10. Bh4 Nbd5 11. Rc1 Nxc3 12. bxc3 c5 13. O-O b6 14. Re1 Bb7
15. e4 Re8 16. Bb1 Qc8 17. Qc2 e5 18. d5 g5 19. Bg3 Bd6 20. c4 Nh5 21. Qc3 Nf4
22. h3 Qd8 23. Nh2 Bc8 24. Bxf4 gxf4 25. g4 Kh7 26. Nf3 Rg8 27. Kf1 Qc7 28. Ke2
Bd7 29. Rg1 Rg7 30. Rg2 Rag8 31. Rcg1 Qd8 32. Nxe5 Qf6 33. Nxd7 Qxc3 34. e5+
Kh8 35. f3 Bxe5 36. Bd3 Qb2+ 37. Ke1 Qa1+ 38. Ke2 Qd4 39. Nxe5 Qxe5+ 40. Kd2
Qe3+ 0-1

[Event "28.Alpenpokal"]
[Site "?"]
[Date "2002.??.??"]
[Round "9"]
[White "Boehm, Karl"]
[Black "Czech, Gerhard"]
[Result "1/2-1/2"]
[WhiteElo "1681"]
[BlackElo "1658"]
[Annotator "ChessOrg"]
[PlyCount "39"]

1. d4 Nf6 2. c4 e6 3. Bg5 c5 4. Nc3 cxd4 5. Qxd4 Be7 6. Nf3 Nc6 7. Qd1 a6 8. e3
Ng4 9. Bxe7 Qxe7 10. a3 Nge5 11. Be2 O-O 12. O-O f5 13. Qd2 Nxf3+ 14. Bxf3 Ne5
15. Be2 d6 16. Rad1 Nf7 17. e4 fxe4 18. Nxe4 Rd8 19. Qe3 Qc7 20. b3 1/2-1/2

[Event "28.Alpenpokal"]
[Site "?"]
[Date "2002.??.??"]
[Round "9"]
[White "Braunstein, Richard"]
[Black "Dittler, Volkfried"]
[Result "1/2-1/2"]
[WhiteElo "1566"]
[BlackElo "1623"]
[Annotator "ChessOrg"]
[PlyCount "131"]

1. e4 e5 2. Nf3 Nf6 3. Nc3 Nc6 4. d4 exd4 5. Nxd4 Nxd4 6. Qxd4 b6 7. Bg5 Be7 8.
Nd5 Bb7 9. Bxf6 gxf6 10. O-O-O Bxd5 11. exd5 Bc5 12. Re1+ Kf8 13. Qh4 h6 14.
Bc4 f5 15. Qf4 Qg5 16. Qxg5 hxg5 17. Re5 Rh4 18. Bb3 Rf4 19. f3 Kg7 20. h3 Bd6
21. Re2 Rd4 22. c3 Rh4 23. Bc2 Kf6 24. Kd1 Bg3 25. Rf1 Rah8 26. Kd2 Rf4 27. Rd1
g4 28. fxg4 fxg4 29. hxg4 Rxg4 30. Be4 Bf4+ 31. Kd3 Rhh4 32. b3 Kg5 33. Rf1 f5
34. Bf3 Rg3 35. Re7 Rh2 36. Rg7+ Kf6 37. Rxg3 Bxg3 38. Be4 f4 39. Bf3 Rh8 40.
c4 Ke5 41. Rd1 Bf2 42. Ke2 Be3 43. Rd3 Bc5 44. Rd1 a5 45. a4 Be3 46. Rd3 Rh1
47. Rd1 Rxd1 48. Kxd1 Kd4 49. Kc2 d6 50. Be2 Bf2 51. Bf3 Ke3 52. Bh5 Bh4 53.
Bf3 Bf6 54. Bh5 Bg5 55. Bf3 Kf2 56. Kd3 Bf6 57. Be4 Bb2 58. Bf3 Ba3 59. Be4 Ke1
60. Bf3 Bb4 61. Be4 Kd1 62. Bf3+ Kc1 63. Be4 Kb2 64. Bf3 Kxb3 65. Bd1+ Ka3 66.
Bc2 1/2-1/2

[Event "28.Alpenpokal"]
[Site "?"]
[Date "2002.??.??"]
[Round "9"]
[White "Pillath, Marcus"]
[Black "Wahl, Hedi"]
[Result "1/2-1/2"]
[WhiteElo "1413"]
[BlackElo "1436"]
[Annotator "ChessOrg"]
[PlyCount "59"]

1. d4 g6 2. Bf4 d6 3. c3 Bg7 4. e3 Nf6 5. Nf3 Nbd7 6. Be2 a6 7. Nbd2 b5 8. a3
Bb7 9. O-O O-O 10. h3 Re8 11. Rc1 e5 12. dxe5 Nxe5 13. Nxe5 dxe5 14. Bg5 Rb8
15. Nf3 h6 16. Qxd8 Rbxd8 17. Bh4 g5 18. Bg3 Ne4 19. Bh2 f6 20. Rfd1 Bf8 21.
Rxd8 Rxd8 22. Rd1 Rxd1+ 23. Bxd1 c5 24. Ne1 c4 25. f4 exf4 26. exf4 Bc5+ 27.
Kf1 Nd2+ 28. Ke2 Ne4 29. fxg5 fxg5 30. Nf3 1/2-1/2

[Event "28.Alpenpokal"]
[Site "?"]
[Date "2002.??.??"]
[Round "9"]
[White "Wassem, Michael"]
[Black "Wempe, Anke"]
[Result "1/2-1/2"]
[WhiteElo "1401"]
[BlackElo "1200"]
[Annotator "ChessOrg"]
[PlyCount "66"]

1. d4 d5 2. c4 dxc4 3. e4 e6 4. Nf3 Nc6 5. Bxc4 Bb4+ 6. Nc3 Nge7 7. Qc2 Nxd4 8.
Nxd4 Qxd4 9. Be3 Qxc4 10. Rd1 O-O 11. a3 Bxc3+ 12. bxc3 Qc6 13. O-O f5 14. Bg5
Ng6 15. Rd2 Qxe4 16. Qd1 Nh4 17. f3 Qc4 18. Rd4 Qxc3 19. Bxh4 Kf7 20. Rd8 Qc5+
21. Kh1 Qb5 22. Rxf8+ Kxf8 23. Qd8+ Qe8 24. Qxc7 Qd7 25. Qc5+ Ke8 26. Qe5 b6
27. Re1 Kf7 28. Rc1 Qd2 29. Rc7+ Bd7 30. Qe1 Qxe1+ 31. Bxe1 Ke7 32. Bh4+ Kd6
33. Bg3+ Ke7 1/2-1/2